000 00637nam a2200181 a 4500
001 000037643
005 20201002031109.0
008 121023s2012 bl ac 000 0 spa d
040 _aDO-SdBNP
_bspa
_cBNPHU
245 0 3 _aEl monasterio de San Benito de Bahía /
_cDon Gregóro Paixão ; fotografía Almir Bindilatti.
260 _a[San Benito de Bahía] :
_bODEBRECHT,
_c2012.
300 _a401 p. :
_bil., retrs. ;
_c32 cm.
500 _aTexto a dos columnas
504 _aBibliografía : p. 383-394
586 _aPremio ODEBRECHT de investigación histórica
700 1 _aPaixão Gregóro
_964116
700 1 _aBindilatti, Almir
_964117
999 _c37133
_d37133